|
|
|
|
| LEADER |
01003nam a2200301 a 4500 |
| 001 |
000705250 |
| 003 |
CZ BrMZK |
| 005 |
20040311082016.0 |
| 007 |
ta |
| 008 |
040203s2003 xr a e 000 0 cze d |
| 015 |
|
|
|a cnb001302211
|
| 020 |
|
|
|a 80-7200-835-8
|q (volný dvojlist)
|
| 035 |
|
|
|a (OCoLC)56871280
|
| 040 |
|
|
|a BOA001
|b cze
|
| 072 |
|
7 |
|a 514
|x Geometrie
|2 Konspekt
|9 13
|
| 080 |
|
|
|a (048.8)
|2 MRF
|
| 080 |
|
|
|a 514
|2 MRF
|
| 245 |
0 |
0 |
|a Geometrie :
|b stručný přehled /
|c [sestavili i.e. sestavily A. Sivošová, S. Michalovičová]
|
| 250 |
|
|
|a 1. vyd.
|
| 260 |
|
|
|a Havlíčkův Brod :
|b Fragment,
|c 2003
|
| 300 |
|
|
|a [4] s. :
|b il. ;
|c 28 cm
|
| 650 |
0 |
7 |
|a geometrie
|7 ph114624
|2 czenas
|
| 655 |
|
7 |
|a přehledy
|7 fd133202
|2 czenas
|
| 700 |
1 |
|
|a Michalovičová, Silvia
|7 ola20040323002
|4 com
|
| 700 |
1 |
|
|a Sivošová, Alica
|7 ola20040323003
|4 com
|
| 910 |
|
|
|a BOA001
|b 3-1129.887
|
| 990 |
|
|
|a BK
|
| 996 |
6 |
|
|b 2610212394
|c 3-1129.887
|l MZK
|r Sklad / do 1 hodiny
|n 0
|p p.v.
|w 000705250
|u 000010
|a 1
|e BOA001
|j MZK50
|s P
|